| 000 | 00634nam a2200205 4500 | ||
|---|---|---|---|
| 003 | OSt | ||
| 005 | 20251125140720.0 | ||
| 006 | a | ||
| 008 | 240618b |||||||| |||| 00| 0 eng d | ||
| 020 | _a9789715520836 | ||
| 040 |
_aDWCL-Main lib. _cOC |
||
| 082 | _aFil. 342.599 B356p 2010 | ||
| 100 | _aBaybay, Dulce Festin | ||
| 245 | _aPasaporte : a journey of a hundred years / | ||
| 260 |
_aManila : _bDep’t of Foreign Affairs, _cc2010. |
||
| 300 |
_b193 p. : ill. (some col.) ; _c29 x 34 cm. |
||
| 650 | _a1. Passports–Philippines–History–Pictorial works. | ||
| 700 | _aDulce Festin Baybay | ||
| 942 |
_2ddc _n0 _cBK - FIL _kFil. |
||
| 999 |
_c822 _d822 |
||